000 00861cab a2200265 4500
001 WB3344-22
008 090401t1997 xxu||||| |||| 00| 0 eng d
035 _a(Sirsi) u81982
041 _aeng
245 _aConfidence in property restored
260 _c1997
350 _a0
490 _aTimes
_v8 November 1997, 52(3)
520 _aThe recovery in the housing market has restored confidence in residential property as an investment. According to ARLA, more than £250m has been invested in the private-rented sector since the general election.
650 _aARLA
650 _aASSOCIATION OF RESIDENTIAL LETTING AGENTS
650 _aBUY-TO-LET
650 _aPRIVATE RENTED SECTOR
650 _aPROPERTY INVESTMENT
650 _aRENTED HOUSING
650 _aRESIDENTIAL INVESTMENT
690 _aHOUSING
942 _n0
948 _c11/11/1997
999 _c51697
_d51697